| 000 | 00696cam a2200193 i 4500 | ||
|---|---|---|---|
| 999 |
_c13955 _d13955 |
||
| 003 | OSt | ||
| 005 | 20260316130634.0 | ||
| 008 | 160929s2017 enkab b 001 0 eng | ||
| 020 |
_a9781138020931 _qpbk. : alk. paper |
||
| 042 | _apcc | ||
| 050 | 0 | 0 |
_aSB469.4 _b.R47 2017 |
| 082 | 0 | 0 |
_a712.072 _223 |
| 245 | 0 | 0 |
_aResearch in landscape architecture : _bmethods and methodology / _cedited by Adri van den Brink, Diedrich Bruns, Hilde Tobi and Simon Bell. |
| 300 |
_axiii, 315 pages : _billustrations, maps ; _c25 cm |
||
| 504 | _aIncludes bibliographical references and index. | ||
| 650 | 0 |
_aLandscape architecture _xResearch _xMethodology. |
|
| 700 | 1 |
_aBrink, Adri van den, _eeditor. |
|
| 942 | _2ddc | ||